000171288 001__ 171288
000171288 005__ 20260520092808.0
000171288 0247_ $$2doi$$a10.1167/jov.22.13.4
000171288 0248_ $$2sideral$$a131300
000171288 037__ $$aART-2022-131300
000171288 041__ $$aeng
000171288 100__ $$0(orcid)0000-0002-1777-0349$$aPueyo, Victoria$$uUniversidad de Zaragoza
000171288 245__ $$aDevelopment of oculomotor control throughout childhood: A multicenter and multiethnic study
000171288 260__ $$c2022
000171288 5060_ $$aAccess copy available to the general public$$fUnrestricted
000171288 5203_ $$aAlthough steady fixation is a key aspect of a proper visual function, it is only subjectively assessed in young and uncooperative children. In the present study, we characterize the development of fixational behavior throughout childhood in a large group of healthy children 5 months of age and up, recruited in five geographically diverse sites. In order to do it, we examined 802 healthy children from April 2019 to February 2020. Their oculomotor behavior was analyzed by means of an automated digital system, based on eye-tracking technology. Oculomotor outcomes were gaze stability, fixation stability and duration of fixations (for both long and short fixational tasks), and saccadic reaction time. Ninety-nine percent of all recruited children were successfully examined. Fixational and saccadic performance improved with age throughout childhood, with more pronounced changes during the first 2 years of life. Gaze and fixation tended to be more stable with age (p < 0.001 for most the outcomes), and saccades tended to be faster. In a multivariate analysis, including age and ethnicity as independent variables and adjusting by data quality, age was related with most fixational outcomes. Our automated digital system and eye-tracking data allow us to quantitatively describe the development of oculomotor control during childhood,assess visual fixation and saccadic performance in
children 5 months of age and up, and provide a normative reference of fixational outcomes for clinical practice.
000171288 536__ $$9info:eu-repo/grantAgreement/ES/MICINN/PTQ-010775
000171288 540__ $$9info:eu-repo/semantics/openAccess$$aby-nc-nd$$uhttps://creativecommons.org/licenses/by-nc-nd/4.0/deed.es
000171288 590__ $$a1.8$$b2022
000171288 591__ $$aOPHTHALMOLOGY$$b44 / 62 = 0.71$$c2022$$dQ3$$eT3
000171288 592__ $$a0.851$$b2022
000171288 593__ $$aOphthalmology$$c2022$$dQ1
000171288 593__ $$aSensory Systems$$c2022$$dQ2
000171288 594__ $$a3.3$$b2022
000171288 655_4 $$ainfo:eu-repo/semantics/article$$vinfo:eu-repo/semantics/publishedVersion
000171288 700__ $$aYam, Jason C.S.
000171288 700__ $$aPerez-Roche, Teresa
000171288 700__ $$aBalasanyan, Victoria
000171288 700__ $$0(orcid)0000-0003-3161-3793$$aOrtin, Marta
000171288 700__ $$aGarcia, Gerardo
000171288 700__ $$aPrieto, Esther
000171288 700__ $$aPham, Chau
000171288 700__ $$0(orcid)0000-0002-7503-7022$$aGutierrez, Diego$$uUniversidad de Zaragoza
000171288 700__ $$aCastillo, Olimpia
000171288 700__ $$0(orcid)0000-0003-0060-7278$$aMasia, Belén$$uUniversidad de Zaragoza
000171288 700__ $$aAlejandre, Adrián
000171288 700__ $$aBakkali, Mohamed
000171288 700__ $$aCiprés, Marta
000171288 700__ $$aEsteban-Ibañez, Eduardo
000171288 700__ $$aFanlo-Zarazaga, Álvaro
000171288 700__ $$aGonzalez, Inmaculada
000171288 700__ $$aGutiérrez-Luna, Ivan Z.K.
000171288 700__ $$aPan, Xian
000171288 700__ $$aPinilla, Juan
000171288 700__ $$aRomero-Sanz, María
000171288 700__ $$aSanchez-Huerto, Valeria
000171288 700__ $$aVilella, Marina
000171288 700__ $$aXuan Tinh, Nguyen
000171288 700__ $$aXuan Hiep, Nguyen
000171288 700__ $$aZhang, Xiu Juan
000171288 700__ $$aTrackAI Research Consortium
000171288 7102_ $$11013$$2646$$aUniversidad de Zaragoza$$bDpto. Cirugía$$cÁrea Oftalmología
000171288 7102_ $$15007$$2570$$aUniversidad de Zaragoza$$bDpto. Informát.Ingenie.Sistms.$$cÁrea Lenguajes y Sistemas Inf.
000171288 773__ $$g13, 4 (2022), 1-13$$pJ. Vision$$tJournal of Vision$$x1534-7362
000171288 8564_ $$s946970$$uhttps://zaguan.unizar.es/record/171288/files/texto_completo.pdf$$yVersión publicada
000171288 8564_ $$s1773157$$uhttps://zaguan.unizar.es/record/171288/files/texto_completo.jpg?subformat=icon$$xicon$$yVersión publicada
000171288 909CO $$ooai:zaguan.unizar.es:171288$$particulos$$pdriver
000171288 951__ $$a2026-05-20-08:31:35
000171288 980__ $$aARTICLE